[Event "Challenge"]
[Site "http://www.queenalice.com/game.php?id=1308030"]
[Date "2014.9.13"]
[Round "-"]
[White "betogroo"]
[Black "kisarsk"]
[Result "0-1"]
[WhiteElo "1389"]
[BlackElo "1748"]

1. e4 e5 2. d4 Bd6 3. d5 Qh4 4. Nf3 Qxe4+ 5. Be3 Nf6 6. h3 Nxd5 7. a3 Bc5 8. Nc3
Nxc3 9. bxc3 a6 10. Ng5 Qc6 11. Qf3 f6 12. Ne4 Be7 13. Bd3 d6 14. Qg3 g5 15. h4
h6 16. Qf3 h5 17. Ng3 Qxc3+ 18. Ke2 Bg4 19. Qxg4 hxg4 20. Nf5 Nc6 21. Ng7+ Kf7
22. Nf5 d5 23. Rab1 e4 24. Rb3 Qe5 25. Nxe7 Qxe7 26. Rxb7 exd3+ 27. Kd2 Ne5 28.
Bb6 Nc4+ 29. Kc1 d2+ 30. Kd1 Nxb6 31. Re1 Qxe1# 0-1

[Event "Challenge"]
[Site "http://www.queenalice.com/game.php?id=1309175"]
[Date "2014.9.19"]
[Round "-"]
[White "Jorgecas"]
[Black "kisarsk"]
[Result "0-1"]
[WhiteElo "1578"]
[BlackElo "1738"]

1. e4 e5 2. Qf3 f6 3. Bc4 Ne7 4. Nc3 c6 5. b4 b5 6. Bb3 Ng6 7. g3 Bxb4 8. Bb2
Qe7 9. a3 Ba5 10. a4 b4 11. Na2 c5 12. c3 Qd6 13. Qe3 Ba6 14. Bd5 Nc6 15. Bxc6
Qxc6 16. Ne2 b3 17. Nac1 c4 18. h4 h5 19. d3 Bb6 20. Qf3 cxd3 21. Nxd3 Bxd3 22.
Qxd3 Rc8 23. O-O Qe6 24. Nc1 Qg4 25. Nxb3 Nf4 26. Qd1 Qxg3+ 27. Kh1 Qg2# 0-1

[Event "Challenge"]
[Site "http://www.queenalice.com/game.php?id=1310198"]
[Date "2014.9.24"]
[Round "-"]
[White "kisarsk"]
[Black "Jorgecas"]
[Result "1-0"]
[WhiteElo "1754"]
[BlackElo "1581"]

1. d4 d5 2. Bf4 Nc6 3. c3 Bf5 4. Nd2 Na5 5. Qa4+ c6 6. Ndf3 f6 7. Nh4 g6 8. b4
Nc4 9. Qb3 Bg7 10. e3 b5 11. Bxc4 dxc4 12. Qa3 g5 13. Nxf5 Bh6 14. Bg3 Qd5 15.
f3 g4 16. Nxh6 Nxh6 17. e4 Qe6 18. Qa5 O-O 19. Rc1 f5 20. e5 Nf7 21. f4 Nd8 22.
Qc7 Nf7 23. Ne2 Rfc8 24. Qb7 a6 25. Qb6 Nd8 26. Qa5 Nb7 27. Qa3 a5 28. Bh4 axb4
29. Qxb4 Rxa2 30. Bxe7 Qd5 31. Qb1 Rca8 32. Rg1 Ra1 33. Qxf5 Rxc1+ 34. Nxc1 Qf7
35. Qxg4+ Kh8 36. Bf6+ 1-0

[Event "Challenge"]
[Site "http://www.queenalice.com/game.php?id=1310200"]
[Date "2014.9.24"]
[Round "-"]
[White "Jorgecas"]
[Black "kisarsk"]
[Result "0-1"]
[WhiteElo "1572"]
[BlackElo "1763"]

1. e4 e5 2. Qf3 f6 3. Bc4 Ne7 4. c3 Nbc6 5. b4 b6 6. b5 Na5 7. d3 Bb7 8. g4 h6
9. h4 c6 10. g5 hxg5 11. hxg5 Rxh1 12. Qxh1 Ng6 13. Qh7 Nxc4 14. dxc4 Nf4 15.
Nh3 fxg5 16. Nxf4 gxf4 17. Qh5+ Ke7 18. Qxe5+ Kf7 19. Bxf4 Qf6 20. Qxf6+ gxf6
21. Nd2 Re8 22. f3 c5 23. O-O-O Bg7 24. Nf1 Rd8 25. Ne3 Bf8 26. Rh1 Ke6 27. Rh7
a6 28. Bh6 axb5 29. Bxf8 Rxf8 30. Nc2 bxc4 31. Na3 Ba6 32. Rh4 b5 33. Rh5 d6 34.
f4 Rb8 35. Nc2 Bb7 36. e5 Be4 37. Na3 dxe5 38. fxe5 fxe5 39. Rh6+ Kf5 40. Ra6 b4
41. Nxc4 bxc3 42. Nd6+ Kf4 43. Nxe4 Kxe4 44. Kc2 Kd4 45. Ra4+ Rb4 46. Ra3 Rb2+
47. Kc1 c4 48. Ra8 e4 49. Rd8+ Ke3 50. a3 Ra2 51. Kb1 Rxa3 52. Rc8 Kd3 53. Rd8+
Ke2 54. Rd4 Rb3+ 55. Kc2 e3 56. Rxc4 Ra3 57. Rf4 Ke1 58. Kd3 e2 59. Re4 Ra2 60.
Kxc3 Kd1 61. Rd4+ Kc1 62. Re4 Ra3+ 63. Kb4 Ra2 64. Kb3 Rc2 65. Re3 Kd1 66. Rd3+
Rd2 67. Re3 e1=Q 68. Rxe1+ Kxe1 69. Kc3 Ke2 70. Kc4 Rd3 71. Kb4 Rd4+ 72. Kc3 Ke3
73. Kc2 Rc4+ 74. Kb3 Kd3 75. Kb2 Rc3 76. Kb1 Kd2 77. Kb2 Rc8 78. Kb3 Kc1 79. Kb4
Kc2 80. Ka3 Rb8 81. Ka4 Kc3 82. Ka5 Kc4 83. Ka6 Kc5 84. Ka7 Rb6 85. Ka8 Kc6 86.
Ka7 Kc7 87. Ka8 Ra6# 0-1

[Event "Challenge"]
[Site "http://www.queenalice.com/game.php?id=1310300"]
[Date "2014.9.24"]
[Round "-"]
[White "kisarsk"]
[Black "betogroo"]
[Result "1-0"]
[WhiteElo "1752"]
[BlackElo "1383"]

1. d4 d5 2. c3 Bf5 3. Nd2 e6 4. h3 h5 5. Qb3 b6 6. Ndf3 Nd7 7. Bf4 f6 8. Qb5 a6
9. Qc6 Bd6 10. Bxd6 cxd6 11. Qxd6 b5 12. e3 Qa5 13. Qc6 Rb8 14. a3 Qa4 15. Nd2
Ne7 16. Qc7 Rc8 17. Qg3 g5 18. b3 Qa5 19. b4 Qa4 20. Ne2 Qc2 21. Qd6 Bd3 22.
Qxe6 Bxe2 23. Bxe2 Qxc3 24. Qxa6 Qxa1+ 25. Bd1 Qc3 26. Ke2 O-O 27. Qe6+ Rf7 28.
Qxd7 Kf8 29. Bb3 Nf5 30. Qxf5 Re7 31. Qxf6+ Ke8 32. Qxg5 Qxd4 33. Bxd5 Rc2 34.
Qg6+ Kd8 35. Qxc2 Qxd5 36. Nf3 Kd7 37. Rd1 1-0

[Event "Challenge"]
[Site "http://www.queenalice.com/game.php?id=1310301"]
[Date "2014.9.24"]
[Round "-"]
[White "betogroo"]
[Black "kisarsk"]
[Result "0-1"]
[WhiteElo "1385"]
[BlackElo "1750"]

1. d4 d5 2. Bd2 c6 3. Bc3 Bf5 4. e3 Nf6 5. Qf3 Bxc2 6. Na3 Be4 7. Qg3 Nbd7 8. f3
Bg6 9. e4 dxe4 10. Bc4 e6 11. h4 Bxa3 12. bxa3 Nh5 13. Qg5 f6 14. Qg4 f5 15. Qh3
Qe7 16. Bb4 Qf6 17. Bc3 Qd8 18. g4 Nf4 19. Qg3 e5 20. dxe5 Nd5 21. Bxd5 cxd5 22.
O-O-O Bf7 23. e6 Bxe6 24. Bxg7 Rg8 25. Be5 Rc8+ 26. Kd2 Qa5+ 27. Ke2 Rc2+ 28.
Kf1 Qb5+ 29. Ke1 Nc5 30. f4 Rxg4 31. Qe3 Nd3+ 32. Rxd3 exd3 33. a4 Qb1+ 0-1

[Event "Challenge"]
[Site "http://www.queenalice.com/game.php?id=1312068"]
[Date "2014.10.2"]
[Round "-"]
[White "betogroo"]
[Black "kisarsk"]
[Result "0-1"]
[WhiteElo "1384"]
[BlackElo "1782"]

1. Nf3 d5 2. Nd4 c5 3. Nb5 Qb6 4. N5c3 Bd7 5. Nxd5 Qc6 6. c4 Be6 7. Nf4 Bxc4 8.
e3 Bxf1 9. Rxf1 g5 10. Nh5 Qxg2 11. Qc2 e6 12. Qc3 f6 13. Nxf6+ Kf7 14. Nh5 Qxh2
15. Ng3 Qh6 16. Qe5 Nd7 17. Qc7 Ke7 18. Qxb7 Rb8 19. Qxa7 Bg7 20. Ne4 Rc8 21.
Nxc5 Rxc5 22. Nc3 Nf6 23. Na4 Rd5 24. Nb6 Rd6 25. Nc4 Rd5 26. b3 Kf7 27. Ne5+
Rxe5 28. d4 Rd5 29. Bb2 Rd6 30. d5 Rxd5 31. Bxf6 Qxf6 32. Rd1 Qc3+ 33. Ke2 Qc2+
34. Kf3 Rf5+ 35. Kg2 Qe4+ 36. Kg1 Rd8 37. Rxd7+ Rxd7 38. Qxd7+ Kg6 39. a4 Rf3
40. Rd1 Qg4+ 41. Kf1 Qh3+ 42. Kg1 Be5 43. Qe8+ Rf7 44. f4 gxf4 45. Kf2 fxe3+ 46.
Ke2 Qf3+ 0-1

[Event "Challenge"]
[Site "http://www.queenalice.com/game.php?id=1312069"]
[Date "2014.10.2"]
[Round "-"]
[White "kisarsk"]
[Black "betogroo"]
[Result "1-0"]
[WhiteElo "1767"]
[BlackElo "1386"]

1. d4 d5 2. c3 b5 3. e3 Ba6 4. Nf3 f6 5. Be2 g6 6. g3 g5 7. Qb3 Qd7 8. Na3 e5 9.
Bxb5 Bxb5 10. Nxb5 a6 11. Na7 e4 12. Nd2 Qh3 13. Qb7 Qg2 14. Rf1 Kd7 15. Qxa8
Nh6 16. Qxd5+ Bd6 17. Nxe4 Ng4 18. Nxf6+ Nxf6 19. Qxg2 Ng4 20. h3 Nf6 21. Qf3
Rf8 22. Qg2 Rf7 23. e4 Bf8 24. Bxg5 Nh5 25. e5 Rg7 26. Qd5+ Ke8 27. Qd8+ Kf7 28.
Qxc7+ Kg8 29. Qxb8 Rxg5 30. Qe8 h6 31. e6 Nf6 32. Qf7+ Kh8 33. Qxf8+ Ng8 34. h4
Rg6 35. e7 Rf6 36. Qc8 Re6+ 37. Qxe6 Nxe7 38. Qxe7 a5 39. Kd2 a4 40. Rfe1 h5 41.
Qe8+ Kg7 42. Re7+ Kh6 43. Re6+ Kg7 44. Qd7+ Kg8 45. Re8# 1-0

[Event "Challenge"]
[Site "http://www.queenalice.com/game.php?id=1312372"]
[Date "2014.10.3"]
[Round "-"]
[White "tucuman"]
[Black "kisarsk"]
[Result "1/2-1/2"]
[WhiteElo "1784"]
[BlackElo "1766"]

1. e4 e5 2. Bc4 Qf6 3. d3 h6 4. Qf3 Qxf3 5. Nxf3 d6 6. Nc3 Nf6 7. Nd5 Nxd5 8.
Bxd5 c6 9. Bb3 Nd7 10. Be3 f6 11. h3 g5 12. Nh2 b5 13. Be6 a6 14. Bf5 Be7 15.
Bg6+ Kf8 16. O-O Nb8 17. Bh5 Be6 18. b4 Bf7 19. Bxf7 Kxf7 20. c3 Nd7 21. a4 Bd8
22. axb5 cxb5 23. Nf3 Bb6 24. Bxb6 Nxb6 25. Nh2 h5 26. f3 Na4 27. Rfc1 Nb2 28.
d4 Nc4 29. Kh1 Ne3 30. d5 h4 31. Ng4 Nc4 32. Re1 Nd2 33. Ne3 Rac8 34. Rac1 Nb3
35. Rc2 Rc7 36. Rb1 Nd4 37. Rcc1 Ne2 38. Rc2 Ng3+ 39. Kh2 Rhc8 40. Nf5 Nxf5 41.
Rbc1 Ne3 42. Re2 Nc4 43. g3 Rh8 44. g4 Rhc8 45. Kh1 1/2-1/2

[Event "Challenge"]
[Site "http://www.queenalice.com/game.php?id=1312373"]
[Date "2014.10.3"]
[Round "-"]
[White "kisarsk"]
[Black "tucuman"]
[Result "1-0"]
[WhiteElo "1769"]
[BlackElo "1697"]

1. d4 d5 2. c3 e6 3. Bf4 a6 4. Nf3 Nc6 5. e3 h6 6. Bd3 Bd6 7. Bxd6 Qxd6 8. g3
Bd7 9. Qb3 b6 10. O-O Nf6 11. Be2 Ne4 12. Nbd2 Nxd2 13. Nxd2 O-O 14. Qc2 f5 15.
Bh5 Be8 16. Bf3 a5 17. a4 Bg6 18. Qb3 Kh7 19. Rae1 Rab8 20. Qa2 Ne7 21. Bg2 c5
22. Nf3 cxd4 23. Nxd4 Nc6 24. Nb5 Qd7 25. Rd1 Ne5 26. Rd4 Qe7 27. Qb3 Nc6 28.
Rh4 Bf7 29. Rd1 g5 30. Rh3 h5 31. Qc2 Bg6 32. Qe2 g4 33. Rh4 Rbc8 34. Rd2 Ne5
35. Nd4 Kg7 36. Qb5 Rb8 37. Nc6 Nxc6 38. Qb3 Rh8 39. c4 Ne5 40. cxd5 exd5 41.
Rxd5 Nf3+ 42. Bxf3 gxf3 43. Rf4 h4 44. Rxf3 hxg3 45. Rxg3 Rh5 46. Qc3+ Kf7 47.
Rd4 Re8 48. Rf4 Reh8 49. Qb3+ Kf8 50. Rg2 Qf6 51. Rf3 Kg7 52. Rfg3 R5h6 53. Rf3
Rd8 54. h3 Rdh8 55. Rgg3 R8h7 56. Kg2 Qc6 57. Kh2 Qd6 58. Kg2 Qc6 59. Qd1 Qe6
60. Qd4+ Kf7 61. Rf4 Qc6+ 62. Kh2 Qf6 63. Qxf6+ Kxf6 64. Rc4 Re7 65. b3 Bf7 66.
Rc3 Rd7 67. Rc6+ Be6 68. Rxb6 Rd2 69. Rf3 Rh7 70. e4 Rh5 71. Rb5 Rd8 72. Rxa5
Rg5 73. exf5 Rxf5 74. Raxf5+ Bxf5 75. h4 Rh8 76. Rf4 Rg8 77. b4 Ke5 78. Rc4 Be6
79. Rc2 Rh8 80. Kg3 Rg8+ 81. Kf3 Rg4 82. Re2+ Kf6 83. Rxe6+ Kf5 84. Rf6+ 1-0

[Event "Challenge"]
[Site "http://www.queenalice.com/game.php?id=1314754"]
[Date "2014.10.12"]
[Round "-"]
[White "pizzaiolo72"]
[Black "kisarsk"]
[Result "1-0"]
[WhiteElo "2053"]
[BlackElo "1771"]

1. e4 e5 2. f4 d6 3. Nf3 Bg4 4. Be2 exf4 5. O-O Bxf3 6. Bxf3 c6 7. d4 Qf6 8. e5
Qf5 9. Bg4 Qg6 10. Bxf4 d5 11. Nd2 h5 12. Bh3 Na6 13. c4 Qd3 14. cxd5 Qxd4+ 15.
Kh1 Qxd5 16. e6 f6 17. Nc4 Qxd1 18. Raxd1 g5 19. Bf5 gxf4 20. Rd7 Rh6 21. Rxb7
Nc5 22. Rc7 Rd8 23. Rxc6 a5 24. Nxa5 Nd3 25. Nc4 Ne5 26. Rc7 Rh8 27. Nxe5 Ne7
28. Ng6 Rh7 29. Nxe7 Rg7 30. Bg6+ Rxg6 31. Nxg6 Bd6 32. Rh7 1-0

[Event "Challenge"]
[Site "http://www.queenalice.com/game.php?id=1320559"]
[Date "2014.11.5"]
[Round "-"]
[White "kisarsk"]
[Black "betogroo"]
[Result "1-0"]
[WhiteElo "1786"]
[BlackElo "1382"]

1. d4 d5 2. Bf4 Bf5 3. e3 e6 4. a3 c6 5. Bxb8 Qxb8 6. b4 a5 7. b5 c5 8. a4 c4 9.
Nc3 Bb4 10. Qd2 Nf6 11. f3 O-O 12. Nge2 g5 13. e4 Bxe4 14. Qxg5+ Kh8 15. Qxf6+
Kg8 16. fxe4 dxe4 17. O-O-O Qd6 18. Nxe4 Ba3+ 19. Kd2 Qb4+ 20. N4c3 Qd6 21. Nf4
Bb2 22. Nh5 Bxc3+ 23. Ke2 Bxd4 24. Rxd4 Qxd4 25. Qxd4 f6 26. Qd7 b6 27. Qg7# 1-0

[Event "Challenge"]
[Site "http://www.queenalice.com/game.php?id=1320560"]
[Date "2014.11.5"]
[Round "-"]
[White "betogroo"]
[Black "kisarsk"]
[Result "1-0"]
[WhiteElo "1380"]
[BlackElo "1788"]

1. e4 e5 2. Bc4 Nf6 3. f3 Bc5 4. Nh3 h6 5. Nf2 Bxf2+ 6. Kxf2 Qe7 7. b3 Qd6 8.
Bb2 g5 9. Nc3 Nc6 10. Nb5 Qc5+ 11. Ke1 Qb6 12. a4 Na5 13. Bxe5 O-O 14. Bxc7 Qc6
15. Bxa5 b6 16. Bb4 a6 17. Nd4 Qc7 18. Bxf8 Kxf8 19. Qe2 Qe5 20. c3 Bb7 21. Bd5
Bxd5 22. exd5 Qxd5 23. Qd3 Kg7 24. Nf5+ Kf8 25. Qxd5 Nxd5 26. Nxh6 Re8+ 27. Kd1
Nf4 28. g4 Nd3 29. Kc2 Ne5 30. Rhe1 Re6 31. d4 Nxf3 32. Rxe6 dxe6 33. Rf1 Nxh2
34. Rxf7+ Ke8 35. Rb7 b5 36. axb5 axb5 37. Rxb5 Nf3 38. d5 e5 39. Kd3 Nh4 40. d6
Ng6 41. c4 Kd7 42. c5 Nf4+ 43. Ke4 Ng6 44. Nf7 Kc6 45. Ra5 Kd7 46. Nxe5+ Nxe5
47. Kxe5 Kc6 48. b4 1-0

[Event "Challenge"]
[Site "http://www.queenalice.com/game.php?id=1322543"]
[Date "2014.11.17"]
[Round "-"]
[White "ORNELAS"]
[Black "kisarsk"]
[Result "0-1"]
[WhiteElo "1633"]
[BlackElo "1758"]

1. e4 e5 2. c3 Bc5 3. b4 Bb6 4. Nf3 Qf6 5. d3 h6 6. a4 a6 7. a5 Ba7 8. Be2 d6 9.
O-O Bg4 10. Nbd2 h5 11. h3 Be6 12. c4 Qg6 13. Nh4 Qg5 14. Nf5 h4 15. Nf3 Qf6 16.
Bg5 Qg6 17. N5xh4 Rxh4 18. Bxh4 Bxh3 19. Bg3 Qxg3 20. Nh4 Be6 21. Bf3 Qxh4 22.
g3 Qxg3+ 23. Bg2 Bh3 24. Qf3 Qxf3 25. Bxf3 Bxf1 26. Kxf1 Bd4 27. Ra2 Nc6 28. Ra4
Na7 29. Ra2 Bc3 30. b5 axb5 31. a6 b6 32. cxb5 Nxb5 33. Kg2 Nd4 34. Ra3 Ba5 35.
Bd1 Rxa6 36. Ra4 b5 37. Ra1 Ne7 38. Bh5 Nec6 39. f3 Ne2 40. Bg4 Nf4+ 41. Kg3
Nxd3 42. Bc8 Ra7 43. Ra3 Ncb4 44. Bg4 Nf4 45. Bf5 g6 46. Bg4 Nbd3 47. Kh4 Be1+
48. Kg5 Rxa3 49. Kf6 Kf8 50. Kg5 Kg7 51. Bc8 Ra2 52. Bg4 f6# 0-1

[Event "Challenge"]
[Site "http://www.queenalice.com/game.php?id=1328133"]
[Date "2014.12.14"]
[Round "-"]
[White "kisarsk"]
[Black "betogroo"]
[Result "1-0"]
[WhiteElo "1771"]
[BlackElo "1405"]

1. d4 c6 2. Bf4 Qb6 3. b3 d6 4. Nf3 f6 5. Qd3 g6 6. Be3 d5 7. h3 Bf5 8. Qc3 e6
9. Nfd2 Na6 10. f3 Bd6 11. g4 Bb4 12. Qb2 Bxd2+ 13. Nxd2 Qc7 14. gxf5 gxf5 15.
f4 Qa5 16. Rg1 Nh6 17. Rg7 Rg8 18. Rxh7 Rg3 19. Kf2 Rxe3 20. Rh8+ Kf7 21. Rxa8
Qxd2 22. Rxa7 Nb4 23. Rxb7+ Kg6 24. Rxb4 Qxb4 25. Kxe3 e5 26. fxe5 Kg5 27. c3
f4+ 28. Kd2 Qb5 29. e3 Qb7 30. exf4+ Kh4 31. Bg2 Nf5 32. Rg1 Qg7 33. Kc1 Ne3 34.
Qf2+ 1-0

[Event "Challenge"]
[Site "http://www.queenalice.com/game.php?id=1328134"]
[Date "2014.12.14"]
[Round "-"]
[White "betogroo"]
[Black "kisarsk"]
[Result "0-1"]
[WhiteElo "1410"]
[BlackElo "1769"]

1. d4 Nf6 2. g3 d5 3. Bg2 Bg4 4. Bf4 Nc6 5. c3 Bf5 6. Na3 a6 7. b4 Na7 8. Qb3 c6
9. h3 e6 10. Bg5 h6 11. Bxf6 Qxf6 12. g4 Bg6 13. Nf3 Be4 14. O-O Bd6 15. Nd2 Qf4
16. Bxe4 Qh2# 0-1

[Event "Challenge"]
[Site "http://www.queenalice.com/game.php?id=1337029"]
[Date "2015.1.25"]
[Round "-"]
[White "kisarsk"]
[Black "betogroo"]
[Result "1-0"]
[WhiteElo "1773"]
[BlackElo "1403"]

1. d4 c5 2. d5 c4 3. e4 h6 4. Bxc4 Nf6 5. e5 Ne4 6. Be3 Nc6 7. dxc6 Qa5+ 8. c3
Qxe5 9. cxd7+ Bxd7 10. Nd2 Nxd2 11. Qxd2 Qe4 12. Bd5 Qg4 13. h3 Qf5 14. f3 Bc6
15. Rd1 O-O-O 16. c4 Bxd5 17. cxd5 e5 18. Qc3+ Kd7 19. Qc4 Rc8 20. Qb5+ Ke7 21.
Qxb7+ Kd8 22. d6 g5 23. d7 Rc7 24. Qb8+ Ke7 25. d8=Q+ Ke6 26. Qbxc7 Bb4+ 27. Bd2
Rxd8 28. Qxd8 Bxd2+ 29. Rxd2 Qb1+ 30. Kf2 f5 31. Qd7+ Kf6 32. Rd6# 1-0

[Event "Challenge"]
[Site "http://www.queenalice.com/game.php?id=1337030"]
[Date "2015.1.25"]
[Round "-"]
[White "betogroo"]
[Black "kisarsk"]
[Result "0-1"]
[WhiteElo "1401"]
[BlackElo "1775"]

1. c4 e5 2. Qc2 g6 3. b4 Bxb4 4. Nf3 Nc6 5. Qe4 Bd6 6. Bb2 Nf6 7. Qh4 b6 8. Qh6
Bf8 9. Qg5 d6 10. e3 h6 11. Qh4 Be6 12. Ng5 Qe7 13. Bd3 O-O-O 14. Na3 Bg7 15.
Ne4 Bf5 16. Nxf6 Bxf6 17. Qg3 Bxd3 18. Qf3 Nb4 19. Bc3 a5 20. Nb5 Nc2+ 21. Kd1
Nxa1 22. Bxa1 Bxc4 23. Na3 d5 24. Nxc4 dxc4 25. Ke2 Bg5 26. Rd1 Kb8 27. Rc1 Qe6
28. Qe4 Qd6 29. Rc2 f5 30. Bxe5 fxe4 31. Bxd6 Rxd6 32. Rxc4 Re8 33. g3 h5 34. f3
exf3+ 35. Kxf3 Rxd2 36. a4 Bxe3 37. Rc6 Rf2# 0-1

[Event "Challenge"]
[Site "http://www.queenalice.com/game.php?id=1345021"]
[Date "2015.3.2"]
[Round "-"]
[White "kisarsk"]
[Black "betogroo"]
[Result "1-0"]
[WhiteElo "1749"]
[BlackElo "1399"]

1. d4 d5 2. Bf4 Bf5 3. Nc3 e6 4. a3 g6 5. Be5 f6 6. Bg3 Bh6 7. e3 Be4 8. Nb5 Na6
9. f3 Bxe3 10. fxe4 c5 11. Nd6+ 1-0

[Event "Challenge"]
[Site "http://www.queenalice.com/game.php?id=1349969"]
[Date "2015.3.26"]
[Round "-"]
[White "kisarsk"]
[Black "JORAM2205"]
[Result "0-1"]
[WhiteElo "1777"]
[BlackElo "1728"]

1. d4 d5 2. Bf4 Nf6 3. f3 e6 4. a3 Nc6 5. Nc3 a6 6. Bg5 Be7 7. Bf4 h6 8. Bg3 h5
9. h4 Qd7 10. Qd3 Bd6 11. Bf2 b5 12. Na2 b4 13. a4 Bb7 14. Be3 e5 15. b3 e4 16.
Qd2 a5 17. f4 Ng4 0-1

[Event "Challenge"]
[Site "http://www.queenalice.com/game.php?id=1376483"]
[Date "2015.8.9"]
[Round "-"]
[White "ORNELAS"]
[Black "kisarsk"]
[Result "0-1"]
[WhiteElo "1640"]
[BlackElo "1759"]

1. Nf3 e6 2. d4 h6 3. d5 Qe7 4. dxe6 Qxe6 5. e4 Be7 6. Bd3 Nc6 7. c3 a6 8. O-O
Bd6 9. Be3 Qg4 10. Be2 Qh5 11. Nd4 Qxh2# 0-1

[Event "Challenge"]
[Site "http://www.queenalice.com/game.php?id=1376484"]
[Date "2015.8.9"]
[Round "-"]
[White "ORNELAS"]
[Black "kisarsk"]
[Result "1-0"]
[WhiteElo "1635"]
[BlackElo "1770"]

1. Nf3 d5 2. d4 h6 3. Ne5 Be6 4. e3 Nf6 5. Bb5+ c6 6. Ba4 Ne4 7. Qf3 Qa5+ 8. Nd2
Qxa4 9. b3 Qa5 10. O-O Nxd2 11. Bxd2 Qxd2 12. c4 Qc2 13. Rfc1 Qb2 14. Nd3 Qa3
15. Nf4 1-0